| 000 | 00611nam a2200193 a 4500 | ||
|---|---|---|---|
| 001 | 000012477 | ||
| 005 | 20240412074232.0 | ||
| 008 | 091113s1967 dr r 001 f spa d | ||
| 040 |
_aDO-SdBNP _bspa _cBNPHU |
||
| 082 |
_aRD863.44 _bG887t |
||
| 100 | 1 |
_aGrullón, Ruddy, _d1931- _929203 |
|
| 245 | 1 | 3 |
_aEl temple de una raza / _cRuddy Grullón. |
| 260 |
_aSanto Domingo : _bEditora del Caribe, _c1967. |
||
| 300 |
_a182 p. ; _c21 cm. |
||
| 590 | _aInventariado, 2020/YL | ||
| 650 | 0 |
_aNovela histórica dominicana. _9860 |
|
| 650 | 0 |
_aLiteratura dominicana. _967 |
|
| 910 | _aValidado. Control de calidad. MMOLINA | ||
| 999 |
_c12133 _d12133 |
||